[Event "Manhem Chess Week-GM 2019"]
[Site "Moelnlycke"]
[Date "2019.08.14"]
[Round "6.2"]
[White "Urkedal, Frode Olav Olsen"]
[Black "Blomqvist, Erik"]
[Result "0-1"]
[WhiteElo "2566"]
[BlackElo "2492"]
[Annotator "ChessBase"]
[PlyCount "157"]
[EventDate "2019.08.10"]
[EventType "tourn"]
[EventCountry "SWE"]
[SourceTitle "playchess.com"]
[Source "ChessBase"]
[SourceQuality "1"]
[TimeControl "40/5400+30:1800+30"]

1. d4 {[%emt 0:00:00]} d5 {[%emt 0:00:00]} 2. c4 {[%emt 0:00:00]} c6 {[%emt 0:00:00]} 3. cxd5 {[%emt 0:00:09]} cxd5 {[%emt 0:00:00]} 4. Nc3 {[%emt 0:00:03]} Nf6 {[%emt 0:00:28]} 5. Bf4 {[%emt 0:00:39]} e6 {[%emt 0:01:01]} 6. e3 {[%emt 0:00:35]} Bd6 {[%emt 0:00:33]} 7. Nf3 {[%emt 0:08:04]} Bxf4 {[%emt 0:05:16]} 8. exf4 {[%emt 0:00:06]} O-O {[%emt 0:00:08]} 9. Bd3 {[%emt 0:00:04]} b6 {[%emt 0:01:43]} 10. Qe2 {[%emt 0:00:18]} Nc6 {[%emt 0:16:04]} 11. a3 {[%emt 0:00:44]} Qd6 {[%emt 0:02:56]} 12. g3 {[%emt 0:01:40]} Bb7 {[%emt 0:18:54]} 13. O-O {[%emt 0:03:02]} Rac8 {[%emt 0:00:03]} 14. Rfe1 {[%emt 0:05:43]} g6 {[%emt 0:16:39]} 15. Rad1 {[%emt 0:03:20]} Nh5 {[%emt 0:02:33]} 16. Rc1 {[%emt 0:09:53]} Ng7 {[%emt 0:03:58]} 17. Nb5 {[%emt 0:08:54]} Qe7 {[%emt 0:00:05]} 18. Rc2 {[%emt 0:11:35]} f6 {[%emt 0:04:16]} 19. h4 {[%emt 0:06:05]} Rfe8 {[%emt 0:04:02]} 20. Qf1 {[%emt 0:04:59]} Qf8 {[%emt 0:06:46]} 21. Qh3 {[%emt 0:04:12]} a6 {[%emt 0:01:28]} 22. Nc3 {[%emt 0:00:19]} Nf5 {[%emt 0:00:39]} 23. Bxf5 {[%emt 0:03:58]} exf5 {[%emt 0:00:09]} 24. Rxe8 {[%emt 0:07:01]} Rxe8 {[%emt 0:00:27]} 25. h5 {[%emt 0:00:08]} Na5 {[%emt 0:03:50]} 26. Na4 {[%emt 0:02:54]} Nc4 {[%emt 0:01:51]} 27. hxg6 {[%emt 0:00:37]} hxg6 {[%emt 0:00:02]} 28. b3 {[%emt 0:01:36]} Kg7 {[%emt 0:07:18]} 29. bxc4 {[%emt 0:00:47]} dxc4 {[%emt 0:00:02]} 30. Rc3 {[%emt 0:01:37]} Qd6 {[%emt 0:00:11]} 31. Qf1 {[%emt 0:01:04]} b5 {[%emt 0:03:30]} 32. Nb2 {[%emt 0:05:06]} Bxf3 {[%emt 0:00:26]} 33. Rxf3 {[%emt 0:00:08]} Qxd4 {[%emt 0:00:12]} 34. Qc1 {[%emt 0:03:50]} Re2 {[%emt 0:00:32]} 35. Nxc4 {[%emt 0:06:12]} bxc4 {[%emt 0:00:01]} 36. Qb1 {[%emt 0:00:08]} Qd5 {[%emt 0:00:42]} 37. Rc3 {[%emt 0:00:12]} Rd2 {[%emt 0:00:19]} 38. Rc1 {[%emt 0:00:13]} c3 {[%emt 0:00:58]} 39. Qb4 {[%emt 0:00:06]} c2 {[%emt 0:00:52]} 40. Qe7+ {[%emt 0:00:32]} Qf7 {[%emt 0:00:24]} 41. Qxf7+ {[%emt 0:30:48]} Kxf7 {[%emt 0:30:02]} 42. Kg2 {[%emt 0:00:07]} Ke6 {[%emt 0:00:00]} 43. Kf3 {[%emt 0:00:00]} Rd3+ {[%emt 0:00:00]} 44. Ke2 {[%emt 0:00:00]} Rc3 {[%emt 0:00:00]} 45. Kd2 {[%emt 0:00:00]} Rxa3 {[%emt 0:00:00]} 46. Rxc2 {[%emt 0:00:00]} Kd5 {[%emt 0:00:00]} 47. Rb2 {[%emt 0:00:00]} g5 {[%emt 0:00:00]} 48. Rb6 {[%emt 0:00:00]} Ke4 {[%emt 0:00:00]} 49. fxg5 {[%emt 0:00:00]} fxg5 {[%emt 0:00:00]} 50. Ke2 {[%emt 0:00:00]} Ra2+ {[%emt 0:00:00]} 51. Kf1 {[%emt 0:00:00]} a5 {[%emt 0:00:00]} 52. Kg2 {[%emt 0:00:00]} g4 {[%emt 0:00:00]} 53. Rb5 {[%emt 0:00:00]} a4 {[%emt 0:00:07]} 54. Ra5 {[%emt 0:02:23]} a3 {[%emt 0:00:08]} 55. Kg1 {[%emt 0:01:53]} Kd3 {[%emt 0:02:14]} 56. Kg2 {[%emt 0:00:56]} Ra1 {[%emt 0:02:26]} 57. Rxf5 {[%emt 0:03:44]} Kc3 {[%emt 0:03:16]} 58. Ra5 {[%emt 0:01:56]} Kb4 {[%emt 0:00:42]} 59. Ra8 {[%emt 0:00:32]} Rc1 {[%emt 0:00:36]} 60. Rb8+ {[%emt 0:00:12]} Kc3 {[%emt 0:00:10]} 61. Rc8+ {[%emt 0:00:11]} Kb2 {[%emt 0:00:34]} 62. Rb8+ {[%emt 0:00:09]} Kc2 {[%emt 0:00:41]} 63. Rc8+ {[%emt 0:00:19]} Kb2 {[%emt 0:00:35]} 64. Rb8+ {[%emt 0:00:06]} Ka1 {[%emt 0:00:21]} 65. Rb4 {[%emt 0:01:02]} a2 {[%emt 0:00:03]} 66. Rxg4 {[%emt 0:00:13]} Kb2 {[%emt 0:00:02]} 67. Ra4 {[%emt 0:00:27]} a1=Q {[%emt 0:00:05]} 68. Rxa1 {[%emt 0:00:05]} Rxa1 {[%emt 0:00:03]} 69. Kf3 {[%emt 0:00:20]} Kc3 {[%emt 0:00:40]} 70. Ke4 {[%emt 0:00:18]} Ra4+ {[%emt 0:01:10]} 71. Ke5 {[%emt 0:00:56]} Kd3 {[%emt 0:01:10]} 72. g4 {[%emt 0:00:29]} Ra5+ {[%emt 0:00:35]} 73. Kf4 {[%emt 0:00:42]} Kd4 {[%emt 0:00:35]} 74. g5 {[%emt 0:00:05]} Kd5 {[%emt 0:00:52]} 75. Kf5 {[%emt 0:00:04]} Ra8 {[%emt 0:00:25]} 76. Kf6 {[%emt 0:00:23]} Kd6 {[%emt 0:00:30]} 77. Kf7 {[%emt 0:03:01]} Ke5 {[%emt 0:00:15]} 78. Kg6 {[%emt 0:00:35]} Ra6+ {[%emt 0:00:29]} 79. Kh5 {[%emt 0:00:28]} 0-1

[Event "Manhem Chess Week-GM 2019"]
[Site "Moelnlycke"]
[Date "2019.08.14"]
[Round "6.3"]
[White "Wiedenkeller, Michael"]
[Black "Lindgren, Philip"]
[Result "1/2-1/2"]
[WhiteElo "2461"]
[BlackElo "2362"]
[Annotator "ChessBase"]
[PlyCount "53"]
[EventDate "2019.08.10"]
[EventType "tourn"]
[EventCountry "SWE"]
[SourceTitle "playchess.com"]
[Source "ChessBase"]
[SourceQuality "1"]
[TimeControl "40/5400+30:1800+30"]

1. Nf3 {[%emt 0:00:29]} d5 {[%emt 0:00:51]} 2. g3 {[%emt 0:00:57]} g6 {[%emt 0:01:06]} 3. Bg2 {[%emt 0:01:00]} Bg7 {[%emt 0:00:14]} 4. d4 {[%emt 0:00:43]} Nh6 {[%emt 0:02:08]} 5. O-O {[%emt 0:03:12]} Nf5 {[%emt 0:00:18]} 6. c3 {[%emt 0:02:35]} Nd7 {[%emt 0:06:03]} 7. e4 {[%emt 0:11:44]} dxe4 {[%emt 0:01:38]} 8. Ng5 {[%emt 0:00:14]} Nd6 {[%emt 0:32:08]} 9. Nxe4 {[%emt 0:09:01]} Nxe4 {[%emt 0:00:21]} 10. Bxe4 {[%emt 0:00:07]} O-O {[%emt 0:00:15]} 11. Bg2 {[%emt 0:26:39]} c6 {[%emt 0:02:46]} 12. Bg5 {[%emt 0:03:55]} h6 {[%emt 0:01:40]} 13. Be3 {[%emt 0:00:13]} e5 {[%emt 0:03:39]} 14. d5 {[%emt 0:01:29]} cxd5 {[%emt 0:01:38]} 15. Qxd5 {[%emt 0:01:47]} Nb6 {[%emt 0:05:38]} 16. Qxd8 {[%emt 0:04:14]} Rxd8 {[%emt 0:00:07]} 17. Na3 {[%emt 0:01:11]} Nd5 {[%emt 0:14:43]} 18. Rad1 {[%emt 0:03:32]} Be6 {[%emt 0:00:25]} 19. Bc1 {[%emt 0:03:47]} Bf8 {[%emt 0:06:09]} 20. c4 {[%emt 0:03:59]} Nb4 {[%emt 0:01:09]} 21. Bxb7 {[%emt 0:01:08]} Rxd1 {[%emt 0:00:48]} 22. Rxd1 {[%emt 0:05:00]} Rb8 {[%emt 0:00:12]} 23. Bd5 {[%emt 0:03:50]} Nxd5 {[%emt 0:13:28]} 24. cxd5 {[%emt 0:00:09]} Rd8 {[%emt 0:00:33]} 25. Nc4 {[%emt 0:04:53]} Rxd5 {[%emt 0:00:23]} 26. Rxd5 {[%emt 0:01:33]} Bxd5 {[%emt 0:00:05]} 27. b3 {[%emt 0:00:35]} 1/2-1/2

[Event "Manhem Chess Week-GM 2019"]
[Site "Moelnlycke"]
[Date "2019.08.14"]
[Round "6.4"]
[White "Hector, Jonny"]
[Black "Ahlander, Bjorn"]
[Result "1/2-1/2"]
[WhiteElo "2487"]
[BlackElo "2391"]
[Annotator "ChessBase"]
[PlyCount "94"]
[EventDate "2019.08.10"]
[EventType "tourn"]
[EventCountry "SWE"]
[SourceTitle "playchess.com"]
[Source "ChessBase"]
[SourceQuality "1"]
[TimeControl "40/5400+30:1800+30"]

1. e4 {[%emt 0:00:00]} c5 {[%emt 0:00:00]} 2. Nf3 {[%emt 0:00:00]} e6 {[%emt 0:00:00]} 3. d4 {[%emt 0:00:00]} cxd4 {[%emt 0:00:00]} 4. Nxd4 {[%emt 0:00:01]} a6 {[%emt 0:00:30]} 5. Nc3 {[%emt 0:00:32]} Qc7 {[%emt 0:00:10]} 6. Bd3 {[%emt 0:01:19]} Nf6 {[%emt 0:00:23]} 7. f4 {[%emt 0:02:18]} Nc6 {[%emt 0:10:33]} 8. Nxc6 {[%emt 0:02:28]} Qxc6 {[%emt 0:02:56]} 9. O-O {[%emt 0:09:29]} b5 {[%emt 0:01:28]} 10. Qe2 {[%emt 0:04:41]} Bb7 {[%emt 0:00:42]} 11. a3 {[%emt 0:01:16]} Bc5+ {[%emt 0:15:34]} 12. Kh1 {[%emt 0:01:54]} Bd4 {[%emt 0:00:04]} 13. Na2 {[%emt 0:10:13]} Bc5 {[%emt 0:05:43]} 14. b4 {[%emt 0:03:56]} Bd4 {[%emt 0:03:18]} 15. c3 {[%emt 0:00:53]} Ba7 {[%emt 0:00:04]} 16. Re1 {[%emt 0:06:21]} h5 {[%emt 0:07:26]} 17. a4 {[%emt 0:03:28]} Ng4 {[%emt 0:03:14]} 18. Rf1 {[%emt 0:00:41]} Qb6 {[%emt 0:04:36]} 19. a5 {[%emt 0:09:48]} Qd8 {[%emt 0:11:58]} 20. Qe1 {[%emt 0:09:05]} Rc8 {[%emt 0:03:53]} 21. Bb2 {[%emt 0:02:53]} d5 {[%emt 0:04:33]} 22. e5 {[%emt 0:01:42]} Ne3 {[%emt 0:02:06]} 23. Rf3 {[%emt 0:06:18]} d4 {[%emt 0:00:38]} 24. cxd4 {[%emt 0:00:31]} Bxf3 {[%emt 0:04:41]} 25. Qxe3 {[%emt 0:00:11]} Bb7 {[%emt 0:00:07]} 26. f5 {[%emt 0:07:02]} Qd5 {[%emt 0:04:21]} 27. Qd2 {[%emt 0:01:30]} exf5 {[%emt 0:03:00]} 28. Nc3 {[%emt 0:02:46]} Qe6 {[%emt 0:05:46]} 29. Rf1 {[%emt 0:01:56]} g6 {[%emt 0:00:33]} 30. d5 {[%emt 0:01:05]} Bxd5 {[%emt 0:00:59]} 31. Bxb5+ {[%emt 0:01:42]} axb5 {[%emt 0:01:12]} 32. Nxd5 {[%emt 0:00:06]} Rc4 {[%emt 0:02:08]} 33. Nf4 {[%emt 0:01:37]} Rxf4 {[%emt 0:01:50]} 34. Qxf4 {[%emt 0:00:46]} O-O {[%emt 0:00:03]} 35. Bd4 {[%emt 0:02:01]} Bb8 {[%emt 0:01:52]} 36. Qe3 {[%emt 0:03:23]} Rd8 {[%emt 0:01:00]} 37. Ra1 {[%emt 0:03:32]} f4 {[%emt 0:00:14]} 38. Qg1 {[%emt 0:00:46]} f3 {[%emt 0:00:29]} 39. gxf3 {[%emt 0:00:35]} Qd5 {[%emt 0:00:03]} 40. Bc5 {[%emt 0:00:32]} Qxf3+ {[%emt 0:00:21]} 41. Qg2 {[%emt 0:30:15]} Rd1+ {[%emt 0:03:32]} 42. Rxd1 {[%emt 0:00:00]} Qxd1+ {[%emt 0:00:09]} 43. Bg1 {[%emt 0:00:00]} Bxe5 {[%emt 0:02:21]} 44. Qa8+ {[%emt 0:00:00]} Kh7 {[%emt 0:02:03]} 45. Qb7 {[%emt 0:00:00]} Kg8 {[%emt 0:01:55]} 46. Qa8+ {[%emt 0:00:00]} Kh7 {[%emt 0:00:09]} 47. Qb7 {[%emt 0:00:00]} Kg8 {[%emt 0:00:12]} 1/2-1/2

[Event "Manhem Chess Week-GM 2019"]
[Site "Moelnlycke"]
[Date "2019.08.14"]
[Round "6.5"]
[White "Haubro, Martin"]
[Black "Vypkhaniuk, Ihor"]
[Result "0-1"]
[WhiteElo "2356"]
[BlackElo "2402"]
[Annotator "ChessBase"]
[PlyCount "92"]
[EventDate "2019.08.10"]
[EventType "tourn"]
[EventCountry "SWE"]
[SourceTitle "playchess.com"]
[Source "ChessBase"]
[SourceQuality "1"]
[TimeControl "40/5400+30:1800+30"]

1. e4 {[%emt 0:00:00]} c5 {[%emt 0:00:04]} 2. Nf3 {[%emt 0:00:00]} Nc6 {[%emt 0:00:09]} 3. d4 {[%emt 0:00:00]} cxd4 {[%emt 0:00:08]} 4. Nxd4 {[%emt 0:00:00]} g6 {[%emt 0:00:42]} 5. c4 {[%emt 0:00:19]} Nf6 {[%emt 0:00:29]} 6. Nc3 {[%emt 0:00:04]} d6 {[%emt 0:00:14]} 7. Be2 {[%emt 0:01:25]} Bg7 {[%emt 0:00:14]} 8. Be3 {[%emt 0:00:05]} O-O {[%emt 0:00:08]} 9. O-O {[%emt 0:03:12]} Nxd4 {[%emt 0:00:26]} 10. Bxd4 {[%emt 0:00:12]} Bd7 {[%emt 0:00:04]} 11. f3 {[%emt 0:10:47]} a5 {[%emt 0:03:31]} 12. b3 {[%emt 0:21:22]} Bc6 {[%emt 0:00:51]} 13. Qd2 {[%emt 0:01:53]} Nd7 {[%emt 0:01:10]} 14. Be3 {[%emt 0:00:05]} Nc5 {[%emt 0:00:15]} 15. Rab1 {[%emt 0:00:09]} e6 {[%emt 0:01:48]} 16. Bd4 {[%emt 0:16:15]} Bxd4+ {[%emt 0:07:59]} 17. Qxd4 {[%emt 0:00:05]} e5 {[%emt 0:00:38]} 18. Qd2 {[%emt 0:08:02]} Ne6 {[%emt 0:10:12]} 19. Rfd1 {[%emt 0:01:58]} Nd4 {[%emt 0:06:33]} 20. Bf1 {[%emt 0:00:12]} Qb6 {[%emt 0:04:04]} 21. Kh1 {[%emt 0:01:35]} Rfd8 {[%emt 0:02:07]} 22. Ne2 {[%emt 0:00:20]} Ne6 {[%emt 0:01:12]} 23. Nc3 {[%emt 0:05:46]} h5 {[%emt 0:29:10]} 24. a4 {[%emt 0:02:55]} Nd4 {[%emt 0:15:05]} 25. Ne2 {[%emt 0:01:08]} Ne6 {[%emt 0:02:36]} 26. Nc3 {[%emt 0:00:08]} Nd4 {[%emt 0:04:17]} 27. Nb5 {[%emt 0:01:01]} Bxb5 {[%emt 0:00:18]} 28. cxb5 {[%emt 0:00:04]} d5 {[%emt 0:01:49]} 29. exd5 {[%emt 0:00:19]} Rxd5 {[%emt 0:00:18]} 30. Bc4 {[%emt 0:00:05]} Rd6 {[%emt 0:01:13]} 31. Qe3 {[%emt 0:02:03]} Re8 {[%emt 0:00:38]} 32. Rd3 {[%emt 0:00:41]} Qc7 {[%emt 0:05:41]} 33. Qe4 {[%emt 0:03:44]} Kg7 {[%emt 0:00:56]} 34. Rbd1 {[%emt 0:01:29]} Nf5 {[%emt 0:00:58]} 35. Rxd6 {[%emt 0:05:39]} Nxd6 {[%emt 0:00:02]} 36. Qd5 {[%emt 0:00:08]} Re6 {[%emt 0:01:01]} 37. h3 {[%emt 0:00:46]} h4 {[%emt 0:00:43]} 38. Re1 {[%emt 0:01:25]} Nf5 {[%emt 0:00:33]} 39. Qd2 {[%emt 0:09:44]} Rd6 {[%emt 0:00:22]} 40. Qc3 {[%emt 0:01:30]} Rd4 {[%emt 0:00:39]} 41. Kg1 {[%emt 0:31:44]} Qc5 {[%emt 0:04:27]} 42. Kh2 {[%emt 0:00:00]} b6 {[%emt 0:01:46]} 43. Re4 {[%emt 0:00:00]} Rd1 {[%emt 0:09:14]} 44. Re1 {[%emt 0:00:00]} Rxe1 {[%emt 0:01:14]} 45. Qxe1 {[%emt 0:00:00]} Ng3 {[%emt 0:00:22]} 46. Qd2 {[%emt 0:00:00]} Qxc4 {[%emt 0:03:19]} 0-1

[Event "Manhem Chess Week-GM 2019"]
[Site "Moelnlycke"]
[Date "2019.08.14"]
[Round "7.1"]
[White "Seo, Jung Min"]
[Black "Urkedal, Frode Olav Olsen"]
[Result "1-0"]
[WhiteElo "2399"]
[BlackElo "2566"]
[Annotator "TA"]
[PlyCount "113"]
[EventDate "2019.08.10"]
[EventType "tourn"]
[EventCountry "SWE"]
[SourceTitle "playchess.com"]
[Source "ChessBase"]
[SourceQuality "1"]

{[%evp 18,113,10,14,33,32,24,26,16,11,13,-11,22,13,25,16,24,23,31,21,32,39,62,38,72,56,32,22,50,46,60,64,154,156,162,129,137,150,136,116,147,167,181,76,86,86,90,79,61,76,126,134,216,249,266,62,112,100,145,164,278,267,290,287,569,569,904,895,1470,1472,7340,6481,2057,1287,904,363,1334,363,1631,1631,1373,1398,867,770,1937,4881,29966,29967,29967,29968,29963,29968,29969,29970,29971,29972,29943,6730]} 1. e4 e5 2. Nf3 Nc6 3. Bb5 a6 4. Ba4 Nf6 5. d3 b5 6. Bb3 Be7 7. a4 b4 8. a5 O-O 9. O-O d6 10. Nbd2 Be6 {C84: Closed Ruy Lopez: Unusual White 6th moves} (10... h6 11. Re1 Rb8 12. h3 Be6 13. Ba4 Nxa5 14. d4 c5 15. dxe5 dxe5 16. Nxe5 c4 17. Qe2 Rc8 18. Ndf3 {½-½ (25) Vitiugov,N (2730)-Tomashevsky,E (2702) Satka 2018}) 11. Bxe6 fxe6 12. c3 Rb8 {White has an edge.} 13. Nc4 Qe8 $146 ({Predecessor:} 13... h6 14. Bd2 Qe8 15. Qa4 b3 16. Be3 Ng4 17. h3 Nxe3 18. Nxe3 {½-½ (69) Stetsko,L (2164)-Rodshtein,T (2226) Stary Smokovec 2018}) 14. Qe2 Nh5 15. d4 {[%cal Rd4e5]} bxc3 16. bxc3 {[%cal Rd4e5]} exd4 17. Nxd4 Bd8 18. Be3 Nxd4 19. cxd4 Rb5 20. Rfb1 Nf6 21. e5 Nd5 22. Bd2 Rxb1+ 23. Rxb1 Qg6 24. Re1 Bg5 ({Black should play} 24... Be7 $14) 25. exd6 $16 {[%mdl 64] And now Ne5 would win. Discovered Attack} Bxd2 26. Qxd2 {Black must now prevent d7.} Nf4 {[%csl Gf4][%cal Rg6g2]} 27. f3 cxd6 28. Nxd6 h5 29. Ne4 h4 30. g3 (30. Rc1 $18 {is more deadly.}) 30... hxg3 31. hxg3 Nh3+ {[%mdl 64] Discovered Attack} 32. Kg2 $1 {[%cal Rg2h3]} ({Of course not} 32. Kh2 $6 Qh5 $11) 32... Nf4+ 33. Kf1 Nh5 34. Kf2 Qg4 {[#]} (34... Qf5 $16 {keeps fighting.}) 35. Qe2 $1 $18 Qh3 36. Rg1 $2 (36. Qxa6 $18 {Strongly threatening Qc4.} Qh2+ 37. Ke3) 36... Nf6 37. Nxf6+ Rxf6 38. Qxa6 $16 {[%mdl 4096] Endgame KQR-KQR} Qf5 (38... Qh6 $142 39. Qc8+ Rf8) 39. Qc8+ $18 Rf8 40. Qc3 g5 $2 (40... Rb8 41. g4 Qf4) 41. g4 Qf4 42. Kg2 Rf7 43. Rh1 Rc7 44. Qd3 Qf6 45. Re1 Rd7 46. Qe4 (46. Rb1 $142) 46... Kf7 $2 (46... Rxd4 47. Qc2 Rd7) 47. Qe5 $2 (47. a6 Rxd4 48. Qh7+ Qg7 49. Qc2) 47... Rxd4 $2 (47... Qxe5 48. Rxe5 Rxd4 49. Rxg5 Rd3) 48. Qxf6+ Kxf6 {[#] KR-KR} 49. Ra1 $1 Rd2+ 50. Kg3 Rd8 51. a6 {[%cal Ba5a6,Ba6a7][%mdl 32]} Ke5 52. a7 {White mates.} Ra8 53. Kf2 Kd4 54. Ke2 e5 55. Ra4+ Kd5 56. Ke3 e4 57. Ra5+ {Accuracy: White = 66%, Black = 23%.} (57. fxe4+ $142 Kc6 58. e5 Kc7 59. Ra1 Kd7 60. Ke4 Kc6 61. Kf5 Kd7 62. Kxg5) 1-0

[Event "Manhem Chess Week-GM 2019"]
[Site "Moelnlycke"]
[Date "2019.08.14"]
[Round "7.2"]
[White "Blomqvist, Erik"]
[Black "Hector, Jonny"]
[Result "1-0"]
[WhiteElo "2492"]
[BlackElo "2487"]
[Annotator "TA"]
[PlyCount "97"]
[EventDate "2019.08.10"]
[EventType "tourn"]
[EventCountry "SWE"]
[SourceTitle "playchess.com"]
[Source "ChessBase"]
[SourceQuality "1"]

{[%evp 15,97,31,38,41,35,43,34,41,43,56,57,40,78,53,180,142,132,133,185,176,184,123,159,171,177,162,217,235,213,219,246,244,243,249,236,244,239,235,243,239,402,210,286,282,352,352,352,352,393,364,329,321,400,399,369,352,451,232,445,433,628,614,660,493,537,534,478,517,532,494,660,650,723,723,661,606,1389,1351,29985,29986,29987,29988,29988,29981]} 1. e4 e5 2. Nf3 Nc6 3. Bb5 a6 4. Ba4 Nf6 5. O-O Bc5 6. c3 b5 7. Bb3 d6 8. a4 Bg4 9. axb5 {C78: Ruy Lopez: Archangelsk and Möller Defences} axb5 10. Rxa8 Qxa8 11. h3 {White is slightly better.} Bd7 12. d4 Bb6 13. Be3 $146 ({Predecessor:} 13. Bg5 Nxe4 14. Bd5 Nf6 15. Bxf6 gxf6 16. dxe5 dxe5 17. Bxf7+ {½-½ (39) Shirov,A (2739)-Onischuk,A (2674) Khanty-Mansiysk 2007}) 13... Qa7 14. Na3 {[%cal Bb1a3,Ba3b5,Bb5c3,Bc3d5][%mdl 32]} Nd8 (14... O-O $14) 15. Re1 exd4 16. cxd4 {Hoping for e5.} O-O (16... Ne6 $16 {was called for.} 17. e5 dxe5) 17. e5 $18 Ne8 {[#]} 18. Qd3 ({White should try} 18. Bg5 $1 $18 {[%cal Rg5d8]} Ne6 19. Be7) 18... Ne6 19. Nxb5 $40 {[%mdl 128] White attacks with force.} Qa6 20. Bc2 {[%csl Gc2][%cal Rd3h7]} g6 (20... f5 $142) 21. Nc3 Qxd3 22. Bxd3 dxe5 23. Nxe5 Bc8 24. Nd5 Nd6 25. Bh6 Ng7 26. Nxb6 cxb6 27. Rc1 Ndf5 $2 (27... Rd8 28. Bg5 Re8) 28. Be3 (28. Bxf5 $142 Bxf5 29. g4) 28... Be6 29. d5 Bxd5 30. Nd7 ({Less strong is} 30. Bxb6 Re8 $18) 30... Nxe3 31. Nxf8 ({Weaker is} 31. fxe3 Rd8 $16) 31... Nxg2 32. Nd7 Nh5 33. Nxb6 Bf3 34. Nc4 Nhf4 35. Ne5 Bd5 36. Rc8+ Kg7 37. Bc4 Nxh3+ (37... Be4 $142 38. Nxf7 (38. Bxf7 Nxh3+ 39. Kf1 Ngf4 $18) 38... Nxh3+ 39. Kh2 Nxf2) 38. Kh2 Bxc4 39. Nxc4 {[%mdl 4096] Endgame KRN-KNN} Ngf4 40. Kg3 g5 41. b4 {[%cal Bb2b4,Bb4b5,Bb5b6,Bb6b7][%mdl 32]} h5 42. f3 h4+ {[#]} 43. Kh2 $1 ({Not} 43. Kg4 Nf2+ 44. Kxg5 h3 $15) 43... Nf2 {intending ...g4.} 44. Ne3 N2d3 45. b5 {aiming for b6.} Ne5 46. b6 Nxf3+ 47. Kh1 {White mates.} Nd3 48. b7 h3 49. Nd1 {Accuracy: White = 76%, Black = 42%.} 1-0

[Event "Manhem Chess Week-GM 2019"]
[Site "Moelnlycke"]
[Date "2019.08.14"]
[Round "7.4"]
[White "Lindgren, Philip"]
[Black "Golubka, Petro"]
[Result "1/2-1/2"]
[WhiteElo "2362"]
[BlackElo "2483"]
[Annotator "TA"]
[PlyCount "122"]
[EventDate "2019.08.10"]
[EventType "tourn"]
[EventCountry "SWE"]
[SourceTitle "playchess.com"]
[Source "ChessBase"]
[SourceQuality "1"]

{[%evp 23,122,16,26,0,0,0,0,0,21,0,37,34,50,23,37,24,40,18,59,43,40,58,48,-9,-9,-30,-8,-27,-20,-25,0,0,0,-18,0,0,39,28,42,-19,0,0,0,5,14,9,8,8,9,8,8,8,13,0,20,-14,-21,-22,-18,-26,-15,-47,-40,-39,-52,-42,-43,-53,0,0,0,-34,-33,-19,-16,-29,0,-25,-25,-40,-10,-21,-24,-22,-16,-13,0,0,0,0,0,0,0,0,0,0,0,0,0,0,0]} 1. c4 Nf6 2. d4 g6 3. Nc3 d5 4. Nf3 Bg7 5. Qb3 dxc4 6. Qxc4 O-O 7. e4 Na6 8. Be2 c5 9. d5 e6 10. O-O exd5 11. exd5 Bf5 12. Rd1 Qb6 13. Nh4 {D97: Grünfeld: Russian System: 7 e4, replies other than 7...Bg4} Bd7 14. Be3 (14. h3 Rad8 15. Bf4 Rfe8 16. Rd2 Qa5 17. Bg5 h6 18. Bxf6 Bxf6 19. Nf3 b5 20. Qf4 Bxc3 21. bxc3 Qxc3 {1-0 (42) Najer,E (2623)-Kurnosov,I (2579) Krasnoyarsk 2007}) 14... Rfe8 15. a3 Rac8 16. h3 h6 $146 ({Predecessor:} 16... Qd8 17. Nf3 Nb8 18. Qh4 Bf5 19. Bg5 Nbd7 20. Rd2 Qb6 {0-1 (47) Kierzek,M (2172)-Gutkin,B (2289) Kamena Vourla 2012}) 17. Nf3 Bf5 18. Qb5 (18. Rd2 {with more complications.} g5 19. Rc1 Nb8 20. h4 Ng4 21. Nd1) 18... Red8 19. Qxb6 axb6 20. Rac1 {Threatening g4.} Nc7 {[%cal Rf6d5,Ba6c7,Bc7e6,Be6d4,Bd4b3][%mdl 32]} 21. g4 {[#] d6 is the strong threat.} Be4 {[%cal Rc7d5]} 22. d6 Ne6 23. Nd2 ({Much worse is} 23. Nxe4 Nxe4 24. d7 Rc7 $15) ({Better is} 23. d7 $14 Rc7 24. Ne5 (24. Nxe4 Nxe4 25. Rc4 Nf6 $15)) 23... Bc6 $11 24. Nc4 Nd7 25. Bf1 Nd4 26. Bg2 Nb3 27. Rc2 Nd4 28. Rcc1 Nb3 29. Rc2 b5 30. Nd2 $1 {[%cal Rd2b3]} Nd4 31. Rcc1 ({White should try} 31. Bxd4 $1 $14 Bxd4 32. Nd5 Bxd5 33. Bxd5) 31... Ne5 32. Bxd4 cxd4 33. Nd5 Bf8 34. Ne7+ Bxe7 $1 35. dxe7 Re8 $132 {[%mdl 2048] Black is fighting back} 36. Ne4 Rxe7 37. Rxd4 Kg7 38. Rc2 Rcc7 39. f4 Nc4 {[#] White must now prevent ...Ne3.} 40. Kf2 Rcd7 41. Rxd7 Rxd7 42. Nc5 Rd4 {Threatens to win with ...Bxg2.} 43. Bxc6 bxc6 $15 {[%mdl 4096] Endgame KRN-KRN} 44. Kf3 Rd5 45. Nb7 f5 (45... Rd3+ $15 46. Ke4 Rxh3) 46. gxf5 $11 gxf5 47. a4 Rd3+ 48. Kf2 Rxh3 {And now ...Rh2+ would win.} 49. Kg1 $1 Ne3 50. Rxc6 bxa4 51. Nc5 Ng4 52. Nxa4 Rg3+ 53. Kh1 Rb3 {The position is equal.} 54. Rb6 Re3 55. Nc5 Kf7 56. Kg2 h5 {Strongly threatening ...h4.} 57. Rb3 Re2+ 58. Kg3 Rh2 59. Rb7+ Kg6 60. Rb6+ Kf7 {( -> ...h4+)} 61. Rb7+ Kg6 {Accuracy: White = 68%, Black = 45%.} (61... Kg8 $5 62. Rb8+ $8 Kf7 63. Rb7+ $11) 1/2-1/2